| 000 | 01055nam a2200313 a 4500 | ||
|---|---|---|---|
| 001 | 000015639 | ||
| 003 | DO-SdBNP | ||
| 005 | 20171101124734.0 | ||
| 007 | 000015639 | ||
| 008 | 100216s2008 dr 000 p spa d | ||
| 020 | _a9789945162592 | ||
| 040 |
_aBPMET _bspa _cBPMET |
||
| 092 |
_aRD861.44 _bB562e |
||
| 100 | 1 |
_aBetances de la Nuez, Félix Ma., _d1962- |
|
| 245 | 1 | 0 |
_aEspejismo del sueño : _bpoemas / _cFélix Ma. Betances de la Nuez. |
| 260 |
_aSanto Domingo : _bDragón, _c2008. |
||
| 300 |
_a45 p. ; _c20 cm. |
||
| 500 | _aIncluye datos biográficos del autor en la solapa de la cubierta. | ||
| 650 | 4 | _aPOESÍA DOMINICANA | |
| 650 | 4 | _aLITERATURA DOMINICANA | |
| 930 | 1 |
_lBND01 _mLF1 _820100216 _f01 _pCT _g10334 |
|
| 930 | 1 |
_lBND01 _mLF1 _820100216 _f01 _pCT _g10334 _he. 2 |
|
| 942 |
_2ddc _cBK |
||
| 945 | _aTitulo remanejado para la BNPHU | ||
| 956 |
_aJPARRA _b10 _c20100216 _lBND01 _h1044 |
||
| 956 |
_aJPARRA _b10 _c20100216 _lBND01 _h1044 |
||
| 956 |
_aBTAVAREZ _b10 _c20100224 _lBND01 _h1409 |
||
| 956 |
_aMGARCIA _b10 _c20100317 _lBND01 _h1543 |
||
| 999 |
_c7328 _d7328 |
||